| 000 | 00513nam a22001937a 4500 | ||
|---|---|---|---|
| 003 | OSt | ||
| 005 | 20140310181757.0 | ||
| 008 | 130701t xxu||||| |||| 00| 0 eng d | ||
| 020 | _a9716300786 | ||
| 050 |
_aPN 6071 _b.F634 1997 |
||
| 082 |
_aFIL 808.89 _bF65 1997 |
||
| 245 |
_aThe chair king / _cKaren Flores. |
||
| 260 |
_aManila : _bTahanan Books, _c1997. |
||
| 300 |
_a31 p. : _bcol. ; _c31 cm. |
||
| 520 | _a1. Childrens stories. 2. Justiniani, Mark | ||
| 562 | _e1 | ||
| 942 |
_2lcc _cBK |
||
| 999 |
_c3477 _d3477 |
||